| 000 | 00648cam a22002411 4500 | ||
|---|---|---|---|
| 001 | sa 68003123 | ||
| 003 | DLC | ||
| 005 | 20260227112450.0 | ||
| 008 | 890920s1967 ii b 000 0 hin | ||
| 010 | _asa 68003123 | ||
| 035 | _a(OCoLC)20374736 | ||
| 040 |
_aDLC _cWaU _dDLC |
||
| 042 | _apremarc | ||
| 050 | 0 | 0 |
_aPK2095.S8 _bZ837 |
| 100 | 1 |
_aRawat, Chandrabhan, _d1925- |
|
| 245 | 1 | 0 | _aSūra-sāhitya : nava mūlyṅ̄kana. |
| 260 | _c[1967] | ||
| 300 |
_a506, [1] p. _c22 cm. |
||
| 500 | _aIn Hindi. | ||
| 504 | _aBibliographical footnotes. | ||
| 504 | _aList of additional references : p. [507] | ||
| 600 | 0 | 0 |
_aSūradāsa, _d1483?-1563? |
| 999 |
_c79252 _d79252 |
||